El juego globalizado
Պահպանված է:
| Հիմնական հեղինակ: | |
|---|---|
| Ձևաչափ: | Գիրք |
| Լեզու: | իսպաներեն |
| Հրապարակվել է: |
Paidotribo
2011
|
| Հրատարակություն: | 1a. ed |
| Խորագրեր: | |
| Ցուցիչներ: |
Ավելացրեք ցուցիչ
Չկան պիտակներ, Եղեք առաջինը, ով նշում է այս գրառումը!
|
MARC
| LEADER | 00000cam a2200000 a 4500 | ||
|---|---|---|---|
| 001 | UCF0864 | ||
| 003 | CL-VaPUC | ||
| 008 | 120614e20110000SP |||||||||||||||||spa|d | ||
| 020 | |a 9788499100845 | ||
| 082 | 0 | 4 | |a 790.1922 |b GAM |2 21 |
| 100 | 0 | |a Gambero Muñiz, Juan |e author |9 562579 | |
| 245 | 1 | 3 | |a El juego globalizado |
| 250 | |a 1a. ed | ||
| 300 | |a 272 p | ||
| 942 | |c BK | ||
| 945 | |d 20120614 00:00:00 |a cmena | ||
| 260 | |b Paidotribo |c 2011 | ||
| 650 | 0 | |a Juegos infantiles |9 307365 | |
| 650 | 0 | |a Niños |9 255605 | |
| 650 | 7 | |a TRABAJO EN EQUIPO |2 CL-VaPUC |9 393025 | |
| 650 | 0 | |a Métodos de enseñanza |9 270413 | |
| 583 | |a last modification |c 20130325 03:44:45 |k Rodrigo Vera | ||
| 999 | |c 347962 |d 347960 | ||
| 952 | |0 0 |1 0 |4 0 |6 790_192200000000000_GAM_2011 |7 0 |8 A |9 449788 |a BIBEDU |b BIBEDU |d 2019-11-22 |i 4876806 |o 790.1922 GAM 2011 |p 4876806 |r 2019-11-22 |w 2019-11-22 |y BK |k EFI | ||
| 952 | |0 0 |1 0 |4 0 |6 790_192200000000000_GAM_2011 |7 0 |8 A |9 449789 |a BIBEDU |b BIBEDU |d 2019-11-22 |i 4876814 |o 790.1922 GAM 2011 |p 4876814 |r 2019-11-22 |w 2019-11-22 |y BK |k EFI | ||